<?xml version="1.0" encoding="UTF-8"?>
<record
    xmlns:xsi="http://www.w3.org/2001/XMLSchema-instance"
    xsi:schemaLocation="http://www.loc.gov/MARC21/slim http://www.loc.gov/standards/marcxml/schema/MARC21slim.xsd"
    xmlns="http://www.loc.gov/MARC21/slim">

  <leader>01348nam a2200349 i 4500</leader>
  <controlfield tag="003">DO-SdBNP</controlfield>
  <controlfield tag="005">20240426135342.0</controlfield>
  <controlfield tag="007">ta</controlfield>
  <controlfield tag="008">240426s2023    dr ac         000 0 spa d</controlfield>
  <datafield tag="020" ind1=" " ind2=" ">
    <subfield code="a">9789945179842</subfield>
  </datafield>
  <datafield tag="040" ind1=" " ind2=" ">
    <subfield code="a">DO-SdBNP</subfield>
    <subfield code="b">spa</subfield>
    <subfield code="c">BNPHU</subfield>
    <subfield code="e">rda</subfield>
  </datafield>
  <datafield tag="082" ind1=" " ind2=" ">
    <subfield code="2">22</subfield>
    <subfield code="b">F723i</subfield>
  </datafield>
  <datafield tag="245" ind1="0" ind2="0">
    <subfield code="a">Formaci&#xF3;n integral humana y religiosa 2 :</subfield>
    <subfield code="b">educaci&#xF3;n secundaria. /</subfield>
    <subfield code="c">direcci&#xF3;n editorial Anna Rogero, Denise Pineda Mart&#xED;nez : fotograf&#xED;as Alberto Reyes R&#xED;os, Jaime Vicario, Javier Calbet, Yolanda &#xC1;lvarez, Fernando Favoretto y otros </subfield>
  </datafield>
  <datafield tag="264" ind1=" " ind2="1">
    <subfield code="a">Santo Domingo, :</subfield>
    <subfield code="b">SM,</subfield>
    <subfield code="c">2023.</subfield>
  </datafield>
  <datafield tag="300" ind1=" " ind2=" ">
    <subfield code="a">126 p&#xE1;ginas</subfield>
    <subfield code="b">ilustraciones, retratos</subfield>
    <subfield code="c">28 cm.</subfield>
  </datafield>
  <datafield tag="336" ind1=" " ind2=" ">
    <subfield code="2">rdacontent</subfield>
    <subfield code="a">texto</subfield>
    <subfield code="b">txt</subfield>
  </datafield>
  <datafield tag="337" ind1=" " ind2=" ">
    <subfield code="2">rdamedia</subfield>
    <subfield code="a">sin mediaci&#xF3;n</subfield>
    <subfield code="b">n</subfield>
  </datafield>
  <datafield tag="338" ind1=" " ind2=" ">
    <subfield code="2">rdacarrier</subfield>
    <subfield code="a">volumen</subfield>
    <subfield code="b">nc</subfield>
  </datafield>
  <datafield tag="490" ind1="1" ind2=" ">
    <subfield code="a">Ser y saber</subfield>
    <subfield code="v">2</subfield>
  </datafield>
  <datafield tag="500" ind1=" " ind2=" ">
    <subfield code="a">Educaci&#xF3;n secundaria </subfield>
  </datafield>
  <datafield tag="504" ind1=" " ind2=" ">
    <subfield code="a">Bibliograf&#xED;a p: 126</subfield>
  </datafield>
  <datafield tag="590" ind1=" " ind2=" ">
    <subfield code="a">Inventariado, 2024/ YL</subfield>
  </datafield>
  <datafield tag="700" ind1="1" ind2=" ">
    <subfield code="a">Rogero, Anna</subfield>
    <subfield code="e">direcci&#xF3;n </subfield>
    <subfield code="9">30656</subfield>
  </datafield>
  <datafield tag="700" ind1="1" ind2=" ">
    <subfield code="a">Pineda Mart&#xED;nez, Denise</subfield>
    <subfield code="e">direcci&#xF3;n</subfield>
    <subfield code="9">74837</subfield>
  </datafield>
  <datafield tag="700" ind1="1" ind2=" ">
    <subfield code="a">Reyes R&#xED;os, Alberto </subfield>
    <subfield code="e">fotograf&#xED;as </subfield>
    <subfield code="9">85338</subfield>
  </datafield>
  <datafield tag="700" ind1="1" ind2=" ">
    <subfield code="a">Vicario, Jaime </subfield>
    <subfield code="e">fotograf&#xED;as </subfield>
    <subfield code="9">45339</subfield>
  </datafield>
  <datafield tag="700" ind1="1" ind2=" ">
    <subfield code="a">Calbet, Javier </subfield>
    <subfield code="e">fotograf&#xED;as </subfield>
    <subfield code="9">85339</subfield>
  </datafield>
  <datafield tag="700" ind1="1" ind2=" ">
    <subfield code="a">&#xC1;lvarez, Yolanda </subfield>
    <subfield code="e">fotograf&#xED;as </subfield>
    <subfield code="9">85340</subfield>
  </datafield>
  <datafield tag="700" ind1="1" ind2=" ">
    <subfield code="a">Favoretto, Fernando </subfield>
    <subfield code="e">fotograf&#xED;as </subfield>
    <subfield code="9">85342</subfield>
  </datafield>
  <datafield tag="910" ind1=" " ind2=" ">
    <subfield code="a">YLockward</subfield>
  </datafield>
  <datafield tag="942" ind1=" " ind2=" ">
    <subfield code="2">ddc</subfield>
    <subfield code="c">LBS1</subfield>
  </datafield>
  <datafield tag="952" ind1=" " ind2=" ">
    <subfield code="0">0</subfield>
    <subfield code="1">0</subfield>
    <subfield code="2">ddc</subfield>
    <subfield code="5">1</subfield>
    <subfield code="7">0</subfield>
    <subfield code="8">CIJ-PD</subfield>
    <subfield code="a">BNPHU</subfield>
    <subfield code="b">BNPHU</subfield>
    <subfield code="c">CT</subfield>
    <subfield code="d">2023-09-22</subfield>
    <subfield code="e">Deposito Legal</subfield>
    <subfield code="l">0</subfield>
    <subfield code="o">BNPHU CIJ-PD F723i</subfield>
    <subfield code="p">2024-2549</subfield>
    <subfield code="r">2024-04-26</subfield>
    <subfield code="w">2024-04-26</subfield>
    <subfield code="y">LBS1</subfield>
  </datafield>
  <datafield tag="952" ind1=" " ind2=" ">
    <subfield code="0">0</subfield>
    <subfield code="1">0</subfield>
    <subfield code="2">ddc</subfield>
    <subfield code="5">1</subfield>
    <subfield code="7">0</subfield>
    <subfield code="8">CIJ-PD</subfield>
    <subfield code="a">BNPHU</subfield>
    <subfield code="b">BNPHU</subfield>
    <subfield code="c">CT</subfield>
    <subfield code="d">2023-09-22</subfield>
    <subfield code="e">Deposito Legal</subfield>
    <subfield code="l">0</subfield>
    <subfield code="o">BNPHU CIJ-PD F723i</subfield>
    <subfield code="p">2024-2550</subfield>
    <subfield code="r">2024-04-26</subfield>
    <subfield code="t">e. 2</subfield>
    <subfield code="w">2024-04-26</subfield>
    <subfield code="y">LBS1</subfield>
  </datafield>
  <datafield tag="952" ind1=" " ind2=" ">
    <subfield code="0">0</subfield>
    <subfield code="1">0</subfield>
    <subfield code="2">ddc</subfield>
    <subfield code="5">6</subfield>
    <subfield code="7">0</subfield>
    <subfield code="8">DS</subfield>
    <subfield code="a">BNPHU</subfield>
    <subfield code="b">BNPHU</subfield>
    <subfield code="c">CT</subfield>
    <subfield code="d">2023-09-22</subfield>
    <subfield code="e">Deposito Legal</subfield>
    <subfield code="l">0</subfield>
    <subfield code="o">BNPHU CIJ-DS F723i</subfield>
    <subfield code="p">2024-2551</subfield>
    <subfield code="r">2024-04-26</subfield>
    <subfield code="t">e. 3</subfield>
    <subfield code="w">2024-04-26</subfield>
    <subfield code="y">LBS1</subfield>
  </datafield>
  <datafield tag="999" ind1=" " ind2=" ">
    <subfield code="c">56531</subfield>
    <subfield code="d">56531</subfield>
  </datafield>
</record>
